000
00224nam a2200097 4500
082
_a
517.5YUS
100
_a
Yusuf, S.M.
245
_a
Calculus with Analytical Geometry
260
_a
Lahore
_b
ILmi Kitabkhana
_c
2013
300
_a
529
999
_c
13226
_d
13226